000 00731nam a2200229Ia 4500
003 OSt
005 20220923213239.0
006 a|||||r|||| 00| 0
007 ta
008 220922b |||||||| |||| 00| 0 hin d
024 _a160,145
037 _cTextual
040 _aARTS
_cARTS
_bhin
041 _2hin
_ahin
082 _aO152:1:9L7, K8-;1
100 _aमहेन्द्र कुमार
245 0 _aरीतिकालीन रीतिकवियोें का काव्य शिल्प
246 _aRītikālīn rītikaviyoean kā kāvya shilpa
260 _c1968
942 _hO152:1:9L7, K8-;1
_cTEXL
_2CC
999 _c314892
_d314892